000 00280nam a22001337a 4500
008 170918b xxu||||| |||| 00| 0 eng d
020 _a9780517030479
041 _aeng
080 _a7
100 _a44
101 _aART
245 _aTHE AMISH
_cHAUSLEIN, L.A
942 _2udc
_cBK
999 _c27994
_d27994